{"text_format":"1","workbook":"xlsx","n_sheets":2,"sheets":["Pasiūlymas","Subtiekėjai"],"not_rendered":{"charts":0,"images":0,"macros":1,"external_links":0,"defined_names":2,"comments":0,"pivot_tables":0},"unopened":[],"bounds":{"document_bytes":16777216,"sheet_cells":100000,"rows_first":2000,"rows_last":500,"rows_between":2000,"halvings":0,"cell_chars":16384,"cell_head_chars":4096},"cells_cut":0,"cells_raw":0,"read":"whole","date_system":"1900"}

{"sheet":"Pasiūlymas","index":0,"n_rows":1329,"n_cols":13,"rows_kept":1329,"cut":false,"hidden":false,"merged":[[19,0,19,1],[19,2,19,4],[22,0,22,5],[28,1,28,6],[34,1,34,6],[40,1,40,6],[46,1,46,6],[52,1,52,6],[9,0,9,1],[9,2,9,4],[10,0,10,1],[10,2,10,4],[11,0,11,1],[11,2,11,4],[12,0,12,1],[12,2,12,4],[13,0,13,1],[13,2,13,4],[14,0,14,1],[14,2,14,4],[15,0,15,1],[15,2,15,4],[16,0,16,1],[16,2,16,4],[17,0,17,1],[17,2,17,4],[18,0,18,1],[18,2,18,4],[88,1,88,6],[94,1,94,6],[100,1,100,6],[106,1,106,6],[112,1,112,6],[58,1,58,6],[64,1,64,6],[70,1,70,6],[76,1,76,6],[82,1,82,6],[148,1,148,6],[154,1,154,6],[160,1,160,6],[166,1,166,6],[172,1,172,6],[118,1,118,6],[124,1,124,6],[130,1,130,6],[136,1,136,6],[142,1,142,6],[208,1,208,6],[214,1,214,6],[220,1,220,6],[226,1,226,6],[232,1,232,6],[178,1,178,6],[184,1,184,6],[190,1,190,6],[196,1,196,6],[202,1,202,6],[268,1,268,6],[274,1,274,6],[280,1,280,6],[286,1,286,6],[292,1,292,6],[238,1,238,6],[244,1,244,6],[250,1,250,6],[256,1,256,6],[262,1,262,6],[328,1,328,6],[334,1,334,6],[340,1,340,6],[346,1,346,6],[352,1,352,6],[298,1,298,6],[304,1,304,6],[310,1,310,6],[316,1,316,6],[322,1,322,6],[388,1,388,6],[394,1,394,6],[400,1,400,6],[406,1,406,6],[412,1,412,6],[358,1,358,6],[364,1,364,6],[370,1,370,6],[376,1,376,6],[382,1,382,6],[448,1,448,6],[454,1,454,6],[460,1,460,6],[466,1,466,6],[472,1,472,6],[418,1,418,6],[424,1,424,6],[430,1,430,6],[436,1,436,6],[442,1,442,6],[508,1,508,6],[514,1,514,6],[520,1,520,6],[526,1,526,6],[532,1,532,6],[478,1,478,6],[484,1,484,6],[490,1,490,6],[496,1,496,6],[502,1,502,6],[568,1,568,6],[574,1,574,6],[580,1,580,6],[586,1,586,6],[592,1,592,6],[538,1,538,6],[544,1,544,6],[550,1,550,6],[556,1,556,6],[562,1,562,6],[628,1,628,6],[634,1,634,6],[640,1,640,6],[646,1,646,6],[652,1,652,6],[598,1,598,6],[604,1,604,6],[610,1,610,6],[616,1,616,6],[622,1,622,6],[688,1,688,6],[694,1,694,6],[700,1,700,6],[706,1,706,6],[712,1,712,6],[658,1,658,6],[664,1,664,6],[670,1,670,6],[676,1,676,6],[682,1,682,6],[748,1,748,6],[754,1,754,6],[760,1,760,6],[766,1,766,6],[772,1,772,6],[718,1,718,6],[724,1,724,6],[730,1,730,6],[736,1,736,6],[742,1,742,6],[808,1,808,6],[814,1,814,6],[820,1,820,6],[826,1,826,6],[832,1,832,6],[778,1,778,6],[784,1,784,6],[790,1,790,6],[796,1,796,6],[802,1,802,6],[868,1,868,6],[874,1,874,6],[880,1,880,6],[886,1,886,6],[892,1,892,6],[838,1,838,6],[844,1,844,6],[850,1,850,6],[856,1,856,6],[862,1,862,6],[928,1,928,6],[934,1,934,6],[940,1,940,6],[946,1,946,6],[952,1,952,6],[898,1,898,6],[904,1,904,6],[910,1,910,6],[916,1,916,6],[922,1,922,6],[988,1,988,6],[994,1,994,6],[1000,1,1000,6],[1006,1,1006,6],[1012,1,1012,6],[958,1,958,6],[964,1,964,6],[970,1,970,6],[976,1,976,6],[982,1,982,6],[1048,1,1048,6],[1054,1,1054,6],[1060,1,1060,6],[1066,1,1066,6],[1072,1,1072,6],[1018,1,1018,6],[1024,1,1024,6],[1030,1,1030,6],[1036,1,1036,6],[1042,1,1042,6],[1108,1,1108,6],[1114,1,1114,6],[1120,1,1120,6],[1126,1,1126,6],[1132,1,1132,6],[1078,1,1078,6],[1084,1,1084,6],[1090,1,1090,6],[1096,1,1096,6],[1102,1,1102,6],[1168,1,1168,6],[1174,1,1174,6],[1180,1,1180,6],[1186,1,1186,6],[1192,1,1192,6],[1138,1,1138,6],[1144,1,1144,6],[1150,1,1150,6],[1156,1,1156,6],[1162,1,1162,6],[1228,1,1228,6],[1234,1,1234,6],[1240,1,1240,6],[1246,1,1246,6],[1252,1,1252,6],[1198,1,1198,6],[1204,1,1204,6],[1210,1,1210,6],[1216,1,1216,6],[1222,1,1222,6],[1318,1,1318,6],[1324,1,1324,6],[1288,1,1288,6],[1294,1,1294,6],[1300,1,1300,6],[1306,1,1306,6],[1312,1,1312,6],[1258,1,1258,6],[1264,1,1264,6],[1270,1,1270,6],[1276,1,1276,6],[1282,1,1282,6]]}
["Perkančioji organizacija, kuriai teikiamas pasiūlymas:",null,"VŠĮ Kauno klinikinė ligoninė"]
[]
[null,"PASIŪLYMAS"]
[null,"Medikamentai ne per CPO"]
[]
["Data:","2019 01 14"]
["Nr.:"]
["Vieta:","Kaunas"]
[]
["Tiekėjo pavadinimas /Jeigu dalyvauja ūkio subjektų grupė, surašomi visi dalyvių pavadinimai/",null,"UAB\"Tamro\""]
["Įmonės kodas /Jeigu dalyvauja ūkio subjektų grupė, surašomi visi dalyvių kodai/",null,111448632]
["PVM mokėtojo kodas /Jeigu dalyvauja ūkio subjektų grupė, surašomi visi dalyvių kodai/",null,"LT114486314"]
["Banko pavadinimas, banko kodas, sąskaitos Nr.",null,"AB SEB bankas A.s.LT797044060008057533"]
["Tiekėjo adresas /Jeigu dalyvauja ūkio subjektų grupė, surašomi visi dalyvių adresai/",null,"9-ojo Forto g.70, Kaunas"]
["Telefono numeris",null,"837 401004"]
["Fakso numeris",null,"837 401096"]
["El. pašto adresas",null,"tadas.miecius@tamro.com"]
["Asmens, pasirašiusio pasiūlymą saugiu elektroniniu parašu, vardas, pavardė, pareigos ",null,"Tadas Miečius"]
["Asmens, įgalioto pasirašyti sutartį, vardas, pavardė, pareigos",null,"Generalinė direktorė Rasa Marcinkevičienė"]
[]
[]
[]
["1. Šiuo pasiūlymu pažymime, kad sutinkame su visomis pirkimo sąlygomis, nustatytomis:\n1) pirkimo skelbime, paskelbtame Viešųjų pirkimų įstatymo nustatyta tvarka;\n2) pirkimo sąlygose ir kituose pirkimo dokumentuose (jų paaiškinimuose, papildymuose).\n"]
[]
["Siūlomas pirkimo objektas visiškai atitinka pirkimo sąlygose nustatytus reikalavimus ir jo kaina yra:"]
[]
[]
["Nr.","Pavadinimas","Kiekis","Mato vienetas","Vieneto įkainis be PVM","Suma be PVM","Siūlomos prekės pavadinimas",null,null,null,"","",""]
["1.","125mg Vaistinio valerijono šaknų sausojo ekstrakto (4:1), 75mg Melisos sausojo ekstrakto (10:1), 50mg Rožinės radiolės sausojo ekstrakto 3% 1ml tirpalo"]
["1.1.","125mg Vaistinio valerijono šaknų sausojo ekstrakto (4:1), 75mg Melisos sausojo ekstrakto (10:1), 50mg Rožinės radiolės sausojo ekstrakto 3% 1ml tirpalo",1500,"ml","","","",null,null,""]
[null,null,null,null,"Suma be PVM",""]
[null,null,null,null,"PVM suma",""]
[null,null,null,null,"Suma su PVM","",null,null,null,""]
[null,null,null,null,null,null,null,null,null,null,null,""]
["2.","Acetilsalicilo rūgštis 240mg + Paracetamolis 180mg+ Kofeinas 30mg tab.",null,null,null,null,null,null,null,null,null,""]
["2.1.","Acetilsalicilo rūgštis 240mg + Paracetamolis 180mg+ Kofeinas 30mg tab.",10,"Tab.","","","",null,null,"","",""]
[null,null,null,null,"Suma be PVM","",null,null,null,"","",""]
[null,null,null,null,"PVM suma","",null,null,null,"","",""]
[null,null,null,null,"Suma su PVM",""]
[]
["3.","Acetonum",null,null,null,null,null,null,null,""]
["3.1.","Acetonum",12,"L","","",""]
[null,null,null,null,"Suma be PVM","",null,null,null,null,null,""]
[null,null,null,null,"PVM suma","",null,null,null,"",null,""]
[null,null,null,null,"Suma su PVM","",null,null,null,null,null,""]
[]
["4.","Acidum aceticum",null,null,null,null,null,null,null,"","",""]
["4.1.","Acidum aceticum",3,"L","","","",null,null,"","",""]
[null,null,null,null,"Suma be PVM","",null,null,null,"","",""]
[null,null,null,null,"PVM suma",""]
[null,null,null,null,"Suma su PVM",""]
[]
["5.","Acidum citricum"]
["5.1.","Acidum citricum",2,"kg","","",""]
[null,null,null,null,"Suma be PVM",""]
[null,null,null,null,"PVM suma",""]
[null,null,null,null,"Suma su PVM",""]
[]
["6.","Acidum folicum "]
["6.1.","Acidum folicum ",50,"g","","",""]
[null,null,null,null,"Suma be PVM",""]
[null,null,null,null,"PVM suma",""]
[null,null,null,null,"Suma su PVM",""]
[]
["7.","Acidum folicum 400mcg"]
["7.1.","Acidum folicum 400mcg",2000,"tab.",2.1100000000000001E-2,42.2,"health folic ac 400mcg n90 tab"]
[null,null,null,null,"Suma be PVM",42.2]
[null,null,null,null,"PVM suma",8.86]
[null,null,null,null,"Suma su PVM",51.06]
[]
["8.","Acidum salicylicum"]
["8.1.","Acidum salicylicum",3,"kg","","",""]
[null,null,null,null,"Suma be PVM",""]
[null,null,null,null,"PVM suma",""]
[null,null,null,null,"Suma su PVM",""]
[]
["9.","Adata odos alerginiams mėginiams atlikti PLASTIKINĖS"]
["9.1.","Adata odos alerginiams mėginiams atlikti PLASTIKINĖS",5000,"vnt.","","",""]
[null,null,null,null,"Suma be PVM",""]
[null,null,null,null,"PVM suma",""]
[null,null,null,null,"Suma su PVM",""]
[]
["10.","Adata insulininiams penams 0,23mm 32G x 4mm"]
["10.1.","Adata insuliniams penams 0,23mm 32G x 4mm",2000,"vnt.","","",""]
[null,null,null,null,"Suma be PVM",""]
[null,null,null,null,"PVM suma",""]
[null,null,null,null,"Suma su PVM",""]
[]
["11.","Aklinidino 340mcg+ Formoterolio 12mcg dozuoti įkvepiamieji milteliai"]
["11.1.","Aklinidino 340mcg+ Formoterolio 12mcg dozuoti įkvepiamieji milteliai",180,"doz","","",""]
[null,null,null,null,"Suma be PVM",""]
[null,null,null,null,"PVM suma",""]
[null,null,null,null,"Suma su PVM",""]
[]
["12.","Aktyvinta anglis milteliais po 61,5g"]
["12.1.","Aktyvinta anglis milteliais po 61,5g",5,"vnt.","","",""]
[null,null,null,null,"Suma be PVM",""]
[null,null,null,null,"PVM suma",""]
[null,null,null,null,"Suma su PVM",""]
[]
["13.","Albendazolis 400mg"]
["13.1.","Albendazolis 400mg",120,"tab.","","",""]
[null,null,null,null,"Suma be PVM",""]
[null,null,null,null,"PVM suma",""]
[null,null,null,null,"Suma su PVM",""]
[]
["14.","Ambroksolio 15mg/5ml sirupas"]
["14.1.","Ambroksolio 15mg/5ml sirupas",14000,"ml",2.3900000000000001E-2,334.6,"flavamed 15mg/5ml 100ml"]
[null,null,null,null,"Suma be PVM",334.6]
[null,null,null,null,"PVM suma",16.729999999999961]
[null,null,null,null,"Suma su PVM",351.33]
[]
["15.","Amfotericinas B liposominis 50mg "]
["15.1.","Amfotericinas B liposominis 50mg ",5,"amp.",134.69999999999999,673.5,"ambisome 50mg amp. n1"]
[null,null,null,null,"Suma be PVM",673.5]
[null,null,null,null,"PVM suma",33.67999999999995]
[null,null,null,null,"Suma su PVM",707.18]
[]
["16.","Amino rūgštys + riebalinės emulsijos 1920ml (periferinis)"]
["16.1.","Amino rūgštys + riebalinės emulsijos 1920ml (periferinis)",40,"flak.","","",""]
[null,null,null,null,"Suma be PVM",""]
[null,null,null,null,"PVM suma",""]
[null,null,null,null,"Suma su PVM",""]
[]
["17.","Ampicilinas 1000mg + Sulbaktamas 500mg"]
["17.1.","Ampicilinas 1000mg + Sulbaktamas 500mg",3400,"amp./but.","","",""]
[null,null,null,null,"Suma be PVM",""]
[null,null,null,null,"PVM suma",""]
[null,null,null,null,"Suma su PVM",""]
[]
["18.","Anaesthesinum"]
["18.1.","Anaesthesinum",400,"g","","",""]
[null,null,null,null,"Suma be PVM",""]
[null,null,null,null,"PVM suma",""]
[null,null,null,null,"Suma su PVM",""]
[]
["19.","Argenthi nitras"]
["19.1.","Argenthi nitras",50,"g","","",""]
[null,null,null,null,"Suma be PVM",""]
[null,null,null,null,"PVM suma",""]
[null,null,null,null,"Suma su PVM",""]
[]
["20.","Bario sulfatas rentgeno procedūrai"]
["20.1.","Bario sulfatas rentgeno procedūrai",20,"kg","","",""]
[null,null,null,null,"Suma be PVM",""]
[null,null,null,null,"PVM suma",""]
[null,null,null,null,"Suma su PVM",""]
[]
["21.","Bario sulfatas 1000mg/ml 200ml"]
["21.1.","Bario sulfatas 1000mg/ml 200ml",60,"flak.",4.1100000000000003,246.60000000000002,"barii sulf.susp.pro rentg200ml"]
[null,null,null,null,"Suma be PVM",246.6]
[null,null,null,null,"PVM suma",12.330000000000013]
[null,null,null,null,"Suma su PVM",258.93]
[]
["22.","Benfotiaminas 100mg + Piridoksinas (B6) 100mg + Cianokobalaminas 1000mcg"]
["22.1.","Benfotiaminas 100mg + Piridoksinas (B6) 100mg + Cianokobalaminas 1000mcg",100,"amp.","","",""]
[null,null,null,null,"Suma be PVM",""]
[null,null,null,null,"PVM suma",""]
[null,null,null,null,"Suma su PVM",""]
[]
["23.","Benzatino penicilinas 2400000 TV "]
["23.1.","Benzatino penicilinas 2400000 TV ",30,"amp.",4.32,129.60000000000002,"benzetacil 2,4mln in tir n1 li"]
[null,null,null,null,"Suma be PVM",129.6]
[null,null,null,null,"PVM suma",6.4800000000000182]
[null,null,null,null,"Suma su PVM",136.08000000000001]
[]
["24.","Betainas su poliheksanidu 350ml "]
["24.1.","Betainas su poliheksanidu 350ml ",300,"flak.","","",""]
[null,null,null,null,"Suma be PVM",""]
[null,null,null,null,"PVM suma",""]
[null,null,null,null,"Suma su PVM",""]
[]
["25.","Bolus alba"]
["25.1.","Bolus alba",2,"kg","","",""]
[null,null,null,null,"Suma be PVM",""]
[null,null,null,null,"PVM suma",""]
[null,null,null,null,"Suma su PVM",""]
[]
["26.","Botulizmo antitoksinas infuz tirp.  250ml "]
["26.1.","Botulizmo antitoksinas infuz tirp.  250ml ",2,"vnt.","","",""]
[null,null,null,null,"Suma be PVM",""]
[null,null,null,null,"PVM suma",""]
[null,null,null,null,"Suma su PVM",""]
[]
["27.","Briliantinis žaliasis 1mg/1ml 10ml"]
["27.1.","Briliantinis žaliasis 1mg/1ml 10ml",300,"but.",0.84,252,"briliant. žaliasis1% sol. 10ml"]
[null,null,null,null,"Suma be PVM",252]
[null,null,null,null,"PVM suma",12.600000000000023]
[null,null,null,null,"Suma su PVM",264.60000000000002]
[]
["28.","Budesonidum 160mcg + Formoterolum 4.5mgc doz. Milteliai inhaliacijoms"]
["28.1.","Budesonidum 160mcg + Formoterolum 4.5mgc doz. Milteliai inhaliacijoms",600,"doz.",0.19650000000000001,117.9,"symbicort 160/4.5mcg turb.120"]
[null,null,null,null,"Suma be PVM",117.9]
[null,null,null,null,"PVM suma",5.8999999999999915]
[null,null,null,null,"Suma su PVM",123.8]
[]
["29.","Bupivakainas 0,5% 10ml (tinka spinalinei anestezijai)"]
["29.1.","Bupivakainas 0,5% 10ml (tinka spinalinei anestezijai)",400,"amp.",0.98499999999999999,394,"bupivacaini fl. 0.5% 10ml n10"]
[null,null,null,null,"Suma be PVM",394]
[null,null,null,null,"PVM suma",19.699999999999989]
[null,null,null,null,"Suma su PVM",413.7]
[]
["30.","Burnos gelis "]
["30.1.","Burnos gelis 12 % nuo burnos pažeidimų. Sudėtis: ( vandens, polivinilo pirolidono (PVP), maltodekstrino, propeno glikolio, PEG-40 hidrinto ricinos aliejaus, ksantano dervos, kalio sorbato, natrio benzoato, natrio hialuronato, kvapiųjų medžiagų, benzalkonio chlorido, dinatrio EDTA, natrio sacharino, dikalio glicirizato, tikrojo alavijo (Aloe barbadensis.",100,"ml","","",""]
[null,null,null,null,"Suma be PVM",""]
[null,null,null,null,"PVM suma",""]
[null,null,null,null,"Suma su PVM",""]
[]
["31.","Butyrum cacao"]
["31.1.","Butyrum cacao",1,"kg","","",""]
[null,null,null,null,"Suma be PVM",""]
[null,null,null,null,"PVM suma",""]
[null,null,null,null,"Suma su PVM",""]
[]
["32.","Calcii carbonas"]
["32.1.","Calcii carbonas",4,"kg","","",""]
[null,null,null,null,"Suma be PVM",""]
[null,null,null,null,"PVM suma",""]
[null,null,null,null,"Suma su PVM",""]
[]
["33.","Calcii polisteronsulfonatum "]
["33.1.","Calcii polisteronsulfonatum ",30,"kg","","",""]
[null,null,null,null,"Suma be PVM",""]
[null,null,null,null,"PVM suma",""]
[null,null,null,null,"Suma su PVM",""]
[]
["34.","Chlorheksidinas 0,2mg/ml 1000ml"]
["34.1.","Chlorheksidinas 0,2mg/ml 1000ml",1400,"flak.","","",""]
[null,null,null,null,"Suma be PVM",""]
[null,null,null,null,"PVM suma",""]
[null,null,null,null,"Suma su PVM",""]
[]
["35.","Chlorhexidine gluconate 20%"]
["35.1.","Chlorhexidine gluconate 20%",5,"L","","",""]
[null,null,null,null,"Suma be PVM",""]
[null,null,null,null,"PVM suma",""]
[null,null,null,null,"Suma su PVM",""]
[]
["36.","Cholino salicilatas 200mg/ml ausų lašai"]
["36.1.","Cholino salicilatas 200mg/ml ausų lašai",60,"ml",0.47599999999999998,28.56,"otinum gtt. 20% 10,0"]
[null,null,null,null,"Suma be PVM",28.56]
[null,null,null,null,"PVM suma",1.4299999999999997]
[null,null,null,null,"Suma su PVM",29.99]
[]
["37.","Cinko oksido tepalas 100mg/g "]
["37.1.","Cinko oksido tepalas 100mg/g ",90,"g","","",""]
[null,null,null,null,"Suma be PVM",""]
[null,null,null,null,"PVM suma",""]
[null,null,null,null,"Suma su PVM",""]
[]
["38.","Citrulus colocynthis, ammonium bromatum, atropinum sulfuricum, veratrum album, magnesium phosphoricum, gelsemium sempervirens, passiflora incarnata, agaricus, chamomilla recutita, cuprum sulfuricim, aconitum napellus, laktozės, magnio stearato."]
["38.1.","Citrulus colocynthis, ammonium bromatum, atropinum sulfuricum, veratrum album, magnesium phosphoricum, gelsemium sempervirens, passiflora incarnata, agaricus, chamomilla recutita, cuprum sulfuricim, aconitum napellus, laktozės, tab magnio stearato.",14000,"tab.",6.0600000000000001E-2,848.4,"spascupreel tab. n50"]
[null,null,null,null,"Suma be PVM",848.4]
[null,null,null,null,"PVM suma",42.420000000000073]
[null,null,null,null,"Suma su PVM",890.82]
[]
["39.","Klindamicinas 600mg"]
["39.1.","Klindamicinas 600mg",60,"tab.","","",""]
[null,null,null,null,"Suma be PVM",""]
[null,null,null,null,"PVM suma",""]
[null,null,null,null,"Suma su PVM",""]
[]
["40.","Crystal violet (gentian violet) pulv. 10g"]
["40.1.","Crystal violet (gentian violet) pulv. 10g",200,"g","","",""]
[null,null,null,null,"Suma be PVM",""]
[null,null,null,null,"PVM suma",""]
[null,null,null,null,"Suma su PVM",""]
[]
["41.","Dalteparino natrio druska 10000 anti-Xa TV/0,4ml"]
["41.1.","Dalteparino natrio druska 10000 anti-Xa TV/0,4ml",100,"amp.","","",""]
[null,null,null,null,"Suma be PVM",""]
[null,null,null,null,"PVM suma",""]
[null,null,null,null,"Suma su PVM",""]
[]
["42.","Dantrolenas 20mg milt. i.v."]
["42.1.","Dantrolenas 20mg milt. i.v.",12,"amp.","","",""]
[null,null,null,null,"Suma be PVM",""]
[null,null,null,null,"PVM suma",""]
[null,null,null,null,"Suma su PVM",""]
[]
["43.","Dapsonas 50mg"]
["43.1.","Dapsonas 50mg",300,"tab.","","",""]
[null,null,null,null,"Suma be PVM",""]
[null,null,null,null,"PVM suma",""]
[null,null,null,null,"Suma su PVM",""]
[]
["44.","Deksketoprofenas 25mg + Tramadolis 75mg "]
["44.1.","Deksketoprofenas 25mg + Tramadolis 75mg ",2500,"tab.",0.32269999999999999,806.75,"skudexa 75mg/25mg n15"]
[null,null,null,null,"Suma be PVM",806.75]
[null,null,null,null,"PVM suma",40.340000000000032]
[null,null,null,null,"Suma su PVM",847.09]
[]
["45.","Dekspantenolis 50mg/g kremas "]
["45.1.","Dekspantenolis 50mg/g kremas ",2100,"g",6.3100000000000003E-2,132.51000000000002,"dexpanthenol-ratio 5%creme 35g"]
[null,null,null,null,"Suma be PVM",132.51]
[null,null,null,null,"PVM suma",6.6299999999999955]
[null,null,null,null,"Suma su PVM",139.13999999999999]
[]
["46.","Dekspantenolis 50mg/g tepalas "]
["46.1.","Dekspantenolis 50mg/g tepalas ",600,"g",0.125,75,"bepanthen ointment 5% 30g"]
[null,null,null,null,"Suma be PVM",75]
[null,null,null,null,"PVM suma",3.75]
[null,null,null,null,"Suma su PVM",78.75]
[]
["47.","Desmopresinas 15µg/ml "]
["47.1.","Desmopresinas 15µg/ml ",10,"amp.","","",""]
[null,null,null,null,"Suma be PVM",""]
[null,null,null,null,"PVM suma",""]
[null,null,null,null,"Suma su PVM",""]
[]
["48.","Diasminas/Hesperidinas 500mg"]
["48.1.","Diasminas/Hesperidinas 500mg",180,"tab.",0.1191,21.437999999999999,"cantalin micro tab n64"]
[null,null,null,null,"Suma be PVM",21.44]
[null,null,null,null,"PVM suma",4.5]
[null,null,null,null,"Suma su PVM",25.94]
[]
["49.","Diazepamas 10mg/2,5ml rektalinis tirpalas "]
["49.1.","Diazepamas 10mg/2,5ml rektalinis tirpalas ",20,"kliz.","","",""]
[null,null,null,null,"Suma be PVM",""]
[null,null,null,null,"PVM suma",""]
[null,null,null,null,"Suma su PVM",""]
[]
["50.","Diazepamas 5mg/2,5ml rektalinis tirpalas "]
["50.1.","Diazepamas 5mg/2,5ml rektalinis tirpalas ",10,"kliz.","","",""]
[null,null,null,null,"Suma be PVM",""]
[null,null,null,null,"PVM suma",""]
[null,null,null,null,"Suma su PVM",""]
[]
["51.","Difterijos antitoksinas 10000IU 10ml"]
["51.1.","Difterijos antitoksinas 10000IU 10ml",10,"flak.","","",""]
[null,null,null,null,"Suma be PVM",""]
[null,null,null,null,"PVM suma",""]
[null,null,null,null,"Suma su PVM",""]
[]
["52.","Digoksinas 0,25mg/ml "]
["52.1.","Digoksinas 0,25mg/ml ",500,"amp.","","",""]
[null,null,null,null,"Suma be PVM",""]
[null,null,null,null,"PVM suma",""]
[null,null,null,null,"Suma su PVM",""]
[]
["53.","Dikalio klozepatas 5mg "]
["53.1.","Dikalio klozepatas 5mg ",150,"tab.",8.7999999999999995E-2,13.2,"tranxene 5mg caps.n30"]
[null,null,null,null,"Suma be PVM",13.2]
[null,null,null,null,"PVM suma",0.66000000000000014]
[null,null,null,null,"Suma su PVM",13.86]
[]
["54.","Distiliuotas vanduo irigacijoms 500ml"]
["54.1.","Distiliuotas vanduo irigacijoms 500ml",100,"flak.","","",""]
[null,null,null,null,"Suma be PVM",""]
[null,null,null,null,"PVM suma",""]
[null,null,null,null,"Suma su PVM",""]
[]
["55.","Donepazilas 5mg"]
["55.1.","Donepazilas 5mg",84,"tab.",8.7099999999999997E-2,7.3163999999999998,"donepezil accord tab 5mg n28"]
[null,null,null,null,"Suma be PVM",7.32]
[null,null,null,null,"PVM suma",0.37000000000000011]
[null,null,null,null,"Suma su PVM",7.69]
[]
["56.","Doripenemas 500mg miltukai infuziniam tirpalui "]
["56.1.","Doripenemas 500mg  miltukai infuziniam tirpalui ",20,"amp.","","",""]
[null,null,null,null,"Suma be PVM",""]
[null,null,null,null,"PVM suma",""]
[null,null,null,null,"Suma su PVM",""]
[]
["57.","Efedrino hidrochloridas 25mg/ml"]
["57.1.","Efedrino hidrochloridas 25mg/ml",1000,"amp.","","",""]
[null,null,null,null,"Suma be PVM",""]
[null,null,null,null,"PVM suma",""]
[null,null,null,null,"Suma su PVM",""]
[]
["58.","Eritromicinas 500mg injekcijoms"]
["58.1.","Eritromicinas 500mg injekcijoms",20,"amp.","","",""]
[null,null,null,null,"Suma be PVM",""]
[null,null,null,null,"PVM suma",""]
[null,null,null,null,"Suma su PVM",""]
[]
["59.","Ertapanemas 1000mg injekcijoms"]
["59.1.","Ertapanemas 1000mg injekcijoms",20,"amp.","","",""]
[null,null,null,null,"Suma be PVM",""]
[null,null,null,null,"PVM suma",""]
[null,null,null,null,"Suma su PVM",""]
[]
["60.","Estazolamum 2mg"]
["60.1.","Estazolamum 2mg",40,"tab.",0.248,9.92,"estazolam 2mg tab.n20"]
[null,null,null,null,"Suma be PVM",9.92]
[null,null,null,null,"PVM suma",0.5]
[null,null,null,null,"Suma su PVM",10.42]
[]
["61.","Etambutolis 1,0g "]
["61.1.","Etambutolis 1,0g ",100,"amp.","","",""]
[null,null,null,null,"Suma be PVM",""]
[null,null,null,null,"PVM suma",""]
[null,null,null,null,"Suma su PVM",""]
[]
["62.","Etilo spiritas 96%"]
["62.1.","Etilo spiritas 96%",4200,"L",1.3996,5878.32,"spirit eth 96.3% 20,035l"]
[null,null,null,null,"Suma be PVM",5878.32]
[null,null,null,null,"PVM suma",1234.4500000000007]
[null,null,null,null,"Suma su PVM",7112.77]
[]
["63.","Europinio standarto serija"]
["63.1.","Europinio standarto serija. Alergenai švirkštuose po 5ml. 30 skirtingų alergenų rinkinys. Rinkinį sudaro:1) Kalio dichromatas, 2) Parafenilendiaminas (ppd), 3) Tiuramų mišinys, 4) Niomicino sulfatas, 5) Kobalto chloridas, 6) Benzokainas, 7) Nikelio sulfatas, 8) Kliokvinolis, 9) Kanifolija, 10) Parabenų mišinys, 11) N-Izopropil-n-fenil-4 Parafenilendiaminas, 12) Vilnos alkogoliai (lanolinas), 13) Merkaptatų mišinys, 14) Epolisinės dervos, 15) Peru Balzamas, 16) 4-butilifenol formaldehido derva, 17) Merkaptobenzotiazolis, 18) Formaldehidas, 19) Aromatų   mišinys I, 20) Seskviterpenelaktonų mišinys, 21) Kvetenijus-15, 22) Priminas, 23) (chlor)- Metilizotiazolinas MCIIMI, 24) Budesonidas, 25) Tiksokortolio privalastas, 26) Metildibromogliutaronitrilas, 27) Aromatų mišinys II, 28) Hidroksimetilpertilcikloheksen karboksaldehidas, 29) Metilizotiazolinonas c. 0,2%, 30) Tekstilė ",1,"rinkinys","","",""]
[null,null,null,null,"Suma be PVM",""]
[null,null,null,null,"PVM suma",""]
[null,null,null,null,"Suma su PVM",""]
[]
["64.","Fenitoinas 250mg injekcijoms"]
["64.1.","Fenitoinas 250mg injekcijoms",10,"amp.","","",""]
[null,null,null,null,"Suma be PVM",""]
[null,null,null,null,"PVM suma",""]
[null,null,null,null,"Suma su PVM",""]
[]
["65.","Fenobarbitalis 100mg "]
["65.1.","Fenobarbitalis 100mg ",50,"tab.","","",""]
[null,null,null,null,"Suma be PVM",""]
[null,null,null,null,"PVM suma",""]
[null,null,null,null,"Suma su PVM",""]
[]
["66.","Fenobarbitalis 200mg"]
["66.1.","Fenobarbitalis 200mg",20,"amp.","","",""]
[null,null,null,null,"Suma be PVM",""]
[null,null,null,null,"PVM suma",""]
[null,null,null,null,"Suma su PVM",""]
[]
["67.","Geležies (III) hidroksido – polimaltozės komplekso pavidalu 100mg/2ml injekcijoms"]
["67.1.","Geležies (III) hidroksido – polimaltozės komplekso pavidalu 100mg/2ml injekcijoms",100,"amp.",1.024,102.4,"ferrum lek 2ml i.m. amp. n5"]
[null,null,null,null,"Suma be PVM",102.4]
[null,null,null,null,"PVM suma",5.1199999999999903]
[null,null,null,null,"Suma su PVM",107.52]
[]
["68.","Fitomenadionas 10mg injekcijoms "]
["68.1.","Fitomenadionas 10mg injekcijoms ",3000,"amp.",0.56330000000000002,1689.9,"konakion oral inj 10mg/1ml n3"]
[null,null,null,null,"Suma be PVM",1689.9]
[null,null,null,null,"PVM suma",84.5]
[null,null,null,null,"Suma su PVM",1774.4]
[]
["69.","Fuchsinum basic"]
["69.1.","Fuchsinum basic",150,"g","","",""]
[null,null,null,null,"Suma be PVM",""]
[null,null,null,null,"PVM suma",""]
[null,null,null,null,"Suma su PVM",""]
[]
["70.","Furacillinum"]
["70.1.","Furacillinum",100,"g","","",""]
[null,null,null,null,"Suma be PVM",""]
[null,null,null,null,"PVM suma",""]
[null,null,null,null,"Suma su PVM",""]
[]
["71.","Fuzido rūgšties 20mg/g kremas"]
["71.1.","Fuzido rūgšties 20mg/g kremas",350,"g",0.31130000000000002,108.95500000000001,"fucidin cream 15g"]
[null,null,null,null,"Suma be PVM",108.96]
[null,null,null,null,"PVM suma",5.4500000000000028]
[null,null,null,null,"Suma su PVM",114.41]
[]
["72.","Fuzido rūgšties 20mg/g tepalas"]
["72.1.","Fuzido rūgšties 20mg/g tepalas",350,"g","","",""]
[null,null,null,null,"Suma be PVM",""]
[null,null,null,null,"PVM suma",""]
[null,null,null,null,"Suma su PVM",""]
[]
["73.","Fuzido rūgštis+Hidrokortizonas  20mg/10mg/g kremas"]
["73.1.","Fuzido rūgštis+Hidrokortizonas  20mg/10mg/g kremas",150,"g",0.31330000000000002,46.995000000000005,"fucidin h cream 2% 15g"]
[null,null,null,null,"Suma be PVM",47]
[null,null,null,null,"PVM suma",2.3500000000000014]
[null,null,null,null,"Suma su PVM",49.35]
[]
["74.","Gencijonų šaknų miltelių 2mg, Raktažolų žiedų 6mg, Rūgštynių žolės 6mg, Juodųjų šeivamedžių žiedų 6mg,Verbene herba 6 mg lašai"]
["74.1.","Gencijonų šaknų miltelių 2mg, Raktažolų žiedų 6mg, Rūgštynių žolės 6mg, Juodųjų šeivamedžių žiedų 6mg,Verbene herba 6 mg lašai",1000,"ml","","",""]
[null,null,null,null,"Suma be PVM",""]
[null,null,null,null,"PVM suma",""]
[null,null,null,null,"Suma su PVM",""]
[]
["75.","Gencijonų šaknų miltelių 6mg, Raktažolių žiedų miltelių 18mg, Rūgštynių žolės miltelių 18mg, Juodųjų šeivamedžių žiedų miltelių 18mg, Verbenų žolės miltelių 18 mg"]
["75.1.","Gencijonų šaknų miltelių 6mg, Raktažolių žiedų miltelių 18mg, Rūgštynių žolės miltelių 18mg, Juodųjų šeivamedžių žiedų miltelių 18mg, Verbenų žolės miltelių 18 mg",100,"tab.","","",""]
[null,null,null,null,"Suma be PVM",""]
[null,null,null,null,"PVM suma",""]
[null,null,null,null,"Suma su PVM",""]
[]
["76.","Glycerinum"]
["76.1.","Glycerinum",1,"kg","","",""]
[null,null,null,null,"Suma be PVM",""]
[null,null,null,null,"PVM suma",""]
[null,null,null,null,"Suma su PVM",""]
[]
["77.","Glicerolio trinitratas 5mg injekcijoms"]
["77.1.","Glicerolio trinitratas 5mg injekcijoms",900,"amp.","","",""]
[null,null,null,null,"Suma be PVM",""]
[null,null,null,null,"PVM suma",""]
[null,null,null,null,"Suma su PVM",""]
[]
["78.","Gliukozė 40% injekcijoms"]
["78.1.","Gliukozė 40% injekcijoms",100,"amp.","","",""]
[null,null,null,null,"Suma be PVM",""]
[null,null,null,null,"PVM suma",""]
[null,null,null,null,"Suma su PVM",""]
[]
["79.","Gliukozė bevandenė + Natrio chloridas+Natrio citratas + kalio chloridas 6,75g+1,3g+1,45g+0,75g"]
["79.1.","Gliukozė bevandenė + Natrio chloridas+Natrio citratas + kalio chloridas 6,75g+1,3g+1,45g+0,75g",900,"milt.","","",""]
[null,null,null,null,"Suma be PVM",""]
[null,null,null,null,"PVM suma",""]
[null,null,null,null,"Suma su PVM",""]
[]
["80.","Glucosum"]
["80.1.","Glucosum",3,"kg","","",""]
[null,null,null,null,"Suma be PVM",""]
[null,null,null,null,"PVM suma",""]
[null,null,null,null,"Suma su PVM",""]
[]
["81.","Hidrokortizono 10mg/g gelis "]
["81.1.","Hidrokortizono 10mg/g gelis ",450,"g",0.20830000000000001,93.734999999999999,"hydrocortison takeda1% gel 30g"]
[null,null,null,null,"Suma be PVM",93.74]
[null,null,null,null,"PVM suma",4.6900000000000119]
[null,null,null,null,"Suma su PVM",98.43]
[]
["82.","Ichtyolum purum"]
["82.1.","Ichtyolum purum",1,"kg","","",""]
[null,null,null,null,"Suma be PVM",""]
[null,null,null,null,"PVM suma",""]
[null,null,null,null,"Suma su PVM",""]
[]
["83.","Injekcinis vanduo praplovimui 1000ml"]
["83.1.","Injekcinis vanduo praplovimui 1000ml",4500,"flak.","","",""]
[null,null,null,null,"Suma be PVM",""]
[null,null,null,null,"PVM suma",""]
[null,null,null,null,"Suma su PVM",""]
[]
["84.","Insulinas aspartatas (greito poveikio insulinas) 100 VV/ml 3ml užpildytas vienkartiniame švirkštiklyje"]
["84.1.","Insulinas aspartatas (greito poveikio insulinas) 100 VV/ml 3ml užpildytas vienkartiniame švirkštiklyje",10,"vnt.",6.04,60.4,"novorapid 100iu/ml fp 3ml n5"]
[null,null,null,null,"Suma be PVM",60.4]
[null,null,null,null,"PVM suma",3.0200000000000031]
[null,null,null,null,"Suma su PVM",63.42]
[]
["85.","Insulinas aspartatas su aspartato protaminu (vidutinio poveikio insulinas kombinuotas su greito poveikio insulinu) 100VV/ml 3ml užpildytas vienkartiniame švirkštiklyje 30% insulino asparto kombinuota su 70% insulino asparto protamino"]
["85.1.","Insulinas aspartatas su aspartato protaminu (vidutinio poveikio insulinas kombinuotas su greito poveikio insulinu) 100VV/ml 3ml užpildytas vienkartiniame švirkštiklyje 30% insulino asparto kombinuota su 70% insulino asparto protamino",20,"vnt.",6.81,136.19999999999999,"novomix 100vv/ml fp 3ml n5"]
[null,null,null,null,"Suma be PVM",136.19999999999999]
[null,null,null,null,"PVM suma",6.8100000000000023]
[null,null,null,null,"Suma su PVM",143.01]
[]
["86.","Insulinas detemiras (ilgo poveikio insulinas) 100VV/ml 3ml užpildytas vienkartiniame švirkštiklyje."]
["86.1.","Insulinas detemiras (ilgo poveikio insulinas) 100VV/ml 3ml užpildytas vienkartiniame švirkštiklyje.",10,"vnt.",9.5500000000000007,95.5,"levemir flexpen 3ml n5"]
[null,null,null,null,"Suma be PVM",95.5]
[null,null,null,null,"PVM suma",4.7800000000000011]
[null,null,null,null,"Suma su PVM",100.28]
[]
["87.","Insulinas lispras (mišraus poveikio: 25% greito veikimo, 75% bazinio veikimo) 100VV/ml 3ml užpildytas vienkartiniame švirkštiklyje."]
["87.1.","Insulinas lispras (mišraus poveikio: 25% greito veikimo, 75% bazinio veikimo) 100VV/ml 3ml užpildytas vienkartiniame švirkštiklyje.",100,"vnt.",5.92,592,"humalog mix25 kwikp100u 3ml n5"]
[null,null,null,null,"Suma be PVM",592]
[null,null,null,null,"PVM suma",29.600000000000023]
[null,null,null,null,"Suma su PVM",621.6]
[]
["88.","Insulinas lispras (mišraus poveikio: 50% greito veikimo, 50% bazinio veikimo) 100VV/ml 3ml užpildytas vienkartiniame švirkštiklyje."]
["88.1.","Insulinas lispras (mišraus poveikio: 50% greito veikimo, 50% bazinio veikimo) 100VV/ml 3ml užpildytas vienkartiniame švirkštiklyje.",10,"vnt.",6.15,61.5,"humalog mix50/50 kwikpe100u n5"]
[null,null,null,null,"Suma be PVM",61.5]
[null,null,null,null,"PVM suma",3.0799999999999983]
[null,null,null,null,"Suma su PVM",64.58]
[]
["89.","Insulinas lispras (vidutinio poveikio) 100VV/ml 3ml užpildytas vienkartiniame švirkštiklyje"]
["89.1.","Insulinas lispras (vidutinio poveikio) 100VV/ml 3ml užpildytas vienkartiniame švirkštiklyje",10,"vnt.","","",""]
[null,null,null,null,"Suma be PVM",""]
[null,null,null,null,"PVM suma",""]
[null,null,null,null,"Suma su PVM",""]
[]
["90.","Iodum"]
["90.1.","Iodum",100,"g","","",""]
[null,null,null,null,"Suma be PVM",""]
[null,null,null,null,"PVM suma",""]
[null,null,null,null,"Suma su PVM",""]
[]
["91.","Ipratropijaus bromidas/ Fenoterolis 250mcg/ 500mcg/ml 20ml"]
["91.1.","Ipratropijaus bromidas/ Fenoterolis 250mcg/ 500mcg/ml 20ml",1000,"ml","","",""]
[null,null,null,null,"Suma be PVM",""]
[null,null,null,null,"PVM suma",""]
[null,null,null,null,"Suma su PVM",""]
[]
["92.","Izoniazidas 100mg "]
["92.1.","Izoniazidas 100mg ",8000,"tab.","","",""]
[null,null,null,null,"Suma be PVM",""]
[null,null,null,null,"PVM suma",""]
[null,null,null,null,"Suma su PVM",""]
[]
["93.","Izoniazidas 300mg "]
["93.1.","Izoniazidas 300mg ",100,"tab.","","",""]
[null,null,null,null,"Suma be PVM",""]
[null,null,null,null,"PVM suma",""]
[null,null,null,null,"Suma su PVM",""]
[]
["94.","Izoniazidas 500mg milteliai injekciniam tirpalui "]
["94.1.","Izoniazidas 500mg milteliai injekciniam tirpalui ",150,"amp.","","",""]
[null,null,null,null,"Suma be PVM",""]
[null,null,null,null,"PVM suma",""]
[null,null,null,null,"Suma su PVM",""]
[]
["95.","Kalcio folinatas 25mg"]
["95.1.","Kalcio folinatas 25mg",100,"tab.","","",""]
[null,null,null,null,"Suma be PVM",""]
[null,null,null,null,"PVM suma",""]
[null,null,null,null,"Suma su PVM",""]
[]
["96.","Kalcio gliukonatas 10%  "]
["96.1.","Kalcio gliukonatas 10%  ",500,"amp.","","",""]
[null,null,null,null,"Suma be PVM",""]
[null,null,null,null,"PVM suma",""]
[null,null,null,null,"Suma su PVM",""]
[]
["97.","Kalii chloridum"]
["97.1.","Kalii chloridum",20,"kg","","",""]
[null,null,null,null,"Suma be PVM",""]
[null,null,null,null,"PVM suma",""]
[null,null,null,null,"Suma su PVM",""]
[]
["98.","Kalii iodidum"]
["98.1.","Kalii iodidum",200,"g","","",""]
[null,null,null,null,"Suma be PVM",""]
[null,null,null,null,"PVM suma",""]
[null,null,null,null,"Suma su PVM",""]
[]
["99.","Kalii permanganas"]
["99.1.","Kalii permanganas",200,"g","","",""]
[null,null,null,null,"Suma be PVM",""]
[null,null,null,null,"PVM suma",""]
[null,null,null,null,"Suma su PVM",""]
[]
["100.","Ketaminas 50mg/ml., amp. 5ml"]
["100.1.","Ketaminas 50mg/ml., amp. 5ml",120,"amp.","","",""]
[null,null,null,null,"Suma be PVM",""]
[null,null,null,null,"PVM suma",""]
[null,null,null,null,"Suma su PVM",""]
[]
["101.","Klonazepamas 2mg"]
["101.1.","Klonazepamas 2mg",600,"tab.",9.6299999999999997E-2,57.78,"clonazepam 2mg tab. n30"]
[null,null,null,null,"Suma be PVM",57.78]
[null,null,null,null,"PVM suma",2.8900000000000006]
[null,null,null,null,"Suma su PVM",60.67]
[]
["102.","Klopidogrelis 75 mg"]
["102.1.","Klopidogrelis 75 mg",12000,"tab.",6.1899999999999997E-2,742.8,"trombex 75mg blist tab n90"]
[null,null,null,null,"Suma be PVM",742.8]
[null,null,null,null,"PVM suma",37.1400000000001]
[null,null,null,null,"Suma su PVM",779.94]
[]
["103.","Kolistinas 1000000 TV injekcijoms "]
["103.1.","Kolistinas 1000000 TV injekcijoms ",1400,"amp.","","",""]
[null,null,null,null,"Suma be PVM",""]
[null,null,null,null,"PVM suma",""]
[null,null,null,null,"Suma su PVM",""]
[]
["104.","Ksantinolio nikotinatas 150mg "]
["104.1.","Ksantinolio nikotinatas 150mg ",1000,"tab.","","",""]
[null,null,null,null,"Suma be PVM",""]
[null,null,null,null,"PVM suma",""]
[null,null,null,null,"Suma su PVM",""]
[]
["105.","Kvinino dihidrochloridas 250mg/2ml "]
["105.1.","Kvinino dihidrochloridas 250mg/2ml ",50,"amp.","","",""]
[null,null,null,null,"Suma be PVM",""]
[null,null,null,null,"PVM suma",""]
[null,null,null,null,"Suma su PVM",""]
[]
["106.","Kvinino dihidrochloridas 600mg/2ml"]
["106.1.","Kvinino dihidrochloridas 600mg/2ml",50,"amp.","","",""]
[null,null,null,null,"Suma be PVM",""]
[null,null,null,null,"PVM suma",""]
[null,null,null,null,"Suma su PVM",""]
[]
["107.","Kvinino sulfatas 300mg "]
["107.1.","Kvinino sulfatas 300mg ",60,"tab.","","",""]
[null,null,null,null,"Suma be PVM",""]
[null,null,null,null,"PVM suma",""]
[null,null,null,null,"Suma su PVM",""]
[]
["108.","Labetalolis 100mg "]
["108.1.","Labetalolis 100mg ",100,"tab.",0.15659999999999999,15.659999999999998,"trandate 100mg tab. n56"]
[null,null,null,null,"Suma be PVM",15.66]
[null,null,null,null,"PVM suma",0.78000000000000114]
[null,null,null,null,"Suma su PVM",16.440000000000001]
[]
["109.","Labetalolis 5mg/ml "]
["109.1.","Labetalolis 5mg/ml ",10,"amp.",13.45,134.5,"trandate 5mg/ml inj 20ml n5"]
[null,null,null,null,"Suma be PVM",134.5]
[null,null,null,null,"PVM suma",6.7299999999999898]
[null,null,null,null,"Suma su PVM",141.22999999999999]
[]
["110.","Lactobacillus acidophilus + Lactobacillus bifidus + Jogurto kultūra + Streptococcus thermophilus + Lactobacillus bulgaris apie 2mlrd "]
["110.1.","Lactobacillus acidophilus + Lactobacillus bifidus + Jogurto kultūra + Streptococcus thermophilus + Lactobacillus bulgaris apie 2mlrd ",4500,"kaps.","","",""]
[null,null,null,null,"Suma be PVM",""]
[null,null,null,null,"PVM suma",""]
[null,null,null,null,"Suma su PVM",""]
[]
["111.","Lactobacillus rhamnosus bifidobacterium longum, gliukozė, keratonijų pupelių lipai, magnio stearatas, oligofruktozė, želatina, metakrilo rūgšties akrilato kopolimeras 1, acetilinti kopolimerai, talkas ir dažiklis titano dioksidas"]
["111.1.","Lactobacillus rhamnosus bifidobacterium longum, gliukozė, keratonijų pupelių lipai, magnio stearatas, oligofruktozė, želatina, metakrilo rūgšties akrilato kopolimeras 1, acetilinti kopolimerai, talkas ir dažiklis titano dioksidas",100,"milt.","","",""]
[null,null,null,null,"Suma be PVM",""]
[null,null,null,null,"PVM suma",""]
[null,null,null,null,"Suma su PVM",""]
[]
["112.","Lactobacillus rhamnosus GG (5 x 109)  be laktozės ir gliuteno "]
["112.1.","Lactobacillus rhamnosus GG (5 x 109)  be laktozės ir gliuteno ",800,"kaps.","","",""]
[null,null,null,null,"Suma be PVM",""]
[null,null,null,null,"PVM suma",""]
[null,null,null,null,"Suma su PVM",""]
[]
["113.","Lactobacillus rhamnosus GG (5 x 109)  be laktozės ir gliuteno lašai "]
["113.1.","Lactobacillus rhamnosus GG (5 x 109)  be laktozės ir gliuteno lašai ",600,"ml","","",""]
[null,null,null,null,"Suma be PVM",""]
[null,null,null,null,"PVM suma",""]
[null,null,null,null,"Suma su PVM",""]
[]
["114.","Lanolinum anhydricum"]
["114.1.","Lanolinum anhydricum",60,"kg","","",""]
[null,null,null,null,"Suma be PVM",""]
[null,null,null,null,"PVM suma",""]
[null,null,null,null,"Suma su PVM",""]
[]
["115.","Levodopa+ Benserazidas 100mg/25mg"]
["115.1.","Levodopa+ Benserazidas 100mg/25mg",200,"tab.","","",""]
[null,null,null,null,"Suma be PVM",""]
[null,null,null,null,"PVM suma",""]
[null,null,null,null,"Suma su PVM",""]
[]
["116.","Levodopa+ Benserazidas 200mg/50mg"]
["116.1.","Levodopa+ Benserazidas 200mg/50mg",1300,"tab.",0.1469,190.97,"madopar 250mg tab. n100"]
[null,null,null,null,"Suma be PVM",190.97]
[null,null,null,null,"PVM suma",9.5500000000000114]
[null,null,null,null,"Suma su PVM",200.52]
[]
["117.","Liofilizuotos Saccharomyces boulardii ląstelės 250mg"]
["117.1.","Liofilizuotos Saccharomyces boulardii ląstelės 250mg",120,"kaps.",0.311,37.32,"enterol 250mg caps n20"]
[null,null,null,null,"Suma be PVM",37.32]
[null,null,null,null,"PVM suma",1.8699999999999974]
[null,null,null,null,"Suma su PVM",39.19]
[]
["118.","Liofilizuotos Saccharomyces boulardii ląstelės 250mg milteliai suspensijai"]
["118.1.","Liofilizuotos Saccharomyces boulardii ląstelės 250mg milteliai suspensijai",90,"milt.",0.38800000000000001,34.92,"enterol 250mg pulv. n10"]
[null,null,null,null,"Suma be PVM",34.92]
[null,null,null,null,"PVM suma",1.75]
[null,null,null,null,"Suma su PVM",36.67]
[]
["119.","Loratadinum 5mg/5ml suspensija "]
["119.1.","Loratadinum 5mg/5ml suspensija ",300,"ml","","",""]
[null,null,null,null,"Suma be PVM",""]
[null,null,null,null,"PVM suma",""]
[null,null,null,null,"Suma su PVM",""]
[]
["120.","Magnesii sulfas"]
["120.1.","Magnesii sulfas",15,"kg","","",""]
[null,null,null,null,"Suma be PVM",""]
[null,null,null,null,"PVM suma",""]
[null,null,null,null,"Suma su PVM",""]
[]
["121.","Makrogolis/Natrio sulfatas bevandenis/natrio chloridas/kalio chloridas/askorbo rūgštis/ Natrio askorbatas 100g/7,5g/2,69g/1,015g/4,7g/5,9g"]
["121.1.","Makrogolis/Natrio sulfatas bevandenis/natrio chloridas/kalio chloridas/askorbo rūgštis/ Natrio askorbatas 100g/7,5g/2,69g/1,015g/4,7g/5,9g",60,"milt.","","",""]
[null,null,null,null,"Suma be PVM",""]
[null,null,null,null,"PVM suma",""]
[null,null,null,null,"Suma su PVM",""]
[]
["122.","Melanidine 0,3% 50ml flakonai"]
["122.1.","Melanidine 0,3% 50ml flakonai",10,"flak.","","",""]
[null,null,null,null,"Suma be PVM",""]
[null,null,null,null,"PVM suma",""]
[null,null,null,null,"Suma su PVM",""]
[]
["123.","Memantinas 5mg "]
["123.1.","Memantinas 5mg ",60,"tab.","","",""]
[null,null,null,null,"Suma be PVM",""]
[null,null,null,null,"PVM suma",""]
[null,null,null,null,"Suma su PVM",""]
[]
["124.","Mentolio tirpalas izovalerijono rūgšties metilo esteryje 60mg "]
["124.1.","Mentolio tirpalas izovalerijono rūgšties metilo esteryje 60mg ",400,"tab.","","",""]
[null,null,null,null,"Suma be PVM",""]
[null,null,null,null,"PVM suma",""]
[null,null,null,null,"Suma su PVM",""]
[]
["125.","Metamizolum natricum "]
["125.1.","Metamizolum natricum ",2,"kg","","",""]
[null,null,null,null,"Suma be PVM",""]
[null,null,null,null,"PVM suma",""]
[null,null,null,null,"Suma su PVM",""]
[]
["126.","Methylergometrinas 2mg/ml "]
["126.1.","Methylergometrinas 2mg/ml ",30,"amp.",1.0620000000000001,31.860000000000003,"methergin 0,2mg/ml inj 1ml n5"]
[null,null,null,null,"Suma be PVM",31.86]
[null,null,null,null,"PVM suma",1.5900000000000034]
[null,null,null,null,"Suma su PVM",33.450000000000003]
[]
["127.","Metilenum Blau 10mg/ml"]
["127.1.","Metilenum Blau 10mg/ml",100,"amp.","","",""]
[null,null,null,null,"Suma be PVM",""]
[null,null,null,null,"PVM suma",""]
[null,null,null,null,"Suma su PVM",""]
[]
["128.","Metotreksatas 10mg"]
["128.1.","Metotreksatas 10mg",100,"tab.",0.41199999999999998,41.199999999999996,"trexan 10mg tab n10"]
[null,null,null,null,"Suma be PVM",41.2]
[null,null,null,null,"PVM suma",2.0599999999999952]
[null,null,null,null,"Suma su PVM",43.26]
[]
["129.","Midodrino hidrochloridas 2,5mg "]
["129.1.","Midodrino hidrochloridas 2,5mg ",100,"tab.","","",""]
[null,null,null,null,"Suma be PVM",""]
[null,null,null,null,"PVM suma",""]
[null,null,null,null,"Suma su PVM",""]
[]
["130.","Mizoprostolis 0,2mg "]
["130.1.","Mizoprostolis 0,2mg ",1200,"tab.",0.30220000000000002,362.64000000000004,"cytotec tab 0.2mg n50"]
[null,null,null,null,"Suma be PVM",362.64]
[null,null,null,null,"PVM suma",18.129999999999995]
[null,null,null,null,"Suma su PVM",380.77]
[]
["131.","Morfino sulfatas 1mg/ml tinkantis intratekalinėms injekcijoms"]
["131.1.","Morfino sulfatas 1mg/ml tinkantis intratekalinėms injekcijoms",200,"amp.","","",""]
[null,null,null,null,"Suma be PVM",""]
[null,null,null,null,"PVM suma",""]
[null,null,null,null,"Suma su PVM",""]
[]
["132.","Naloksonas 0,4mg/ml "]
["132.1.","Naloksonas 0,4mg/ml ",400,"amp.",0.86199999999999999,344.8,"naloxonum hcl 0.4mg/ml amp.n10"]
[null,null,null,null,"Suma be PVM",344.8]
[null,null,null,null,"PVM suma",17.240000000000009]
[null,null,null,null,"Suma su PVM",362.04]
[]
["133.","Natrii bromidum"]
["133.1.","Natrii bromidum",10,"kg","","",""]
[null,null,null,null,"Suma be PVM",""]
[null,null,null,null,"PVM suma",""]
[null,null,null,null,"Suma su PVM",""]
[]
["134.","Natrii chloridi 0.45% 500ml"]
["134.1.","Natrii chloridi 0.45% 500ml",1300,"flak.","","",""]
[null,null,null,null,"Suma be PVM",""]
[null,null,null,null,"PVM suma",""]
[null,null,null,null,"Suma su PVM",""]
[]
["135.","Natrii chloridum"]
["135.1.","Natrii chloridum",30,"kg","","",""]
[null,null,null,null,"Suma be PVM",""]
[null,null,null,null,"PVM suma",""]
[null,null,null,null,"Suma su PVM",""]
[]
["136.","Natrii citras"]
["136.1.","Natrii citras",100,"g","","",""]
[null,null,null,null,"Suma be PVM",""]
[null,null,null,null,"PVM suma",""]
[null,null,null,null,"Suma su PVM",""]
[]
["137.","Natrii hydrocarbonas"]
["137.1.","Natrii hydrocarbonas",1,"kg","","",""]
[null,null,null,null,"Suma be PVM",""]
[null,null,null,null,"PVM suma",""]
[null,null,null,null,"Suma su PVM",""]
[]
["138.","Natrio chloridas 0,9% tirp. 3000ml"]
["138.1.","Natrio chloridas 0,9% tirp. 3000ml",3600,"flak.","","",""]
[null,null,null,null,"Suma be PVM",""]
[null,null,null,null,"PVM suma",""]
[null,null,null,null,"Suma su PVM",""]
[]
["139.","Akių lašai"]
["139.1.","Natrio chlorido 7mg/ml, kalio chlorido, magnio chlorido, paprastųjų akišviečių tinkrūra, polisorbato, natrio tetraborato, dinatrio edetato dihidroksido, benzalkonio chlorido. Akių lašai",500,"ml","","",""]
[null,null,null,null,"Suma be PVM",""]
[null,null,null,null,"PVM suma",""]
[null,null,null,null,"Suma su PVM",""]
[]
["140.","Natrio pikosulfatas 7,5mg/ml geriamieji lašai, tirpalas"]
["140.1.","Natrio pikosulfatas 7,5mg/ml geriamieji lašai, tirpalas",2100,"ml",0.1537,322.77,"guttalax 7.5mg/ml gtt. 30ml"]
[null,null,null,null,"Suma be PVM",322.77]
[null,null,null,null,"PVM suma",16.140000000000043]
[null,null,null,null,"Suma su PVM",338.91]
[]
["141.","Specialios medicininės paskirties maitinimo mišinys"]
["141.1.","Specialios medicininės paskirties maitinimo mišinys. Hipoalerginis pilnavertis maisto mišinys kūdikiams, pagamintas aminorūgščių pagrindu. Savo sudėtyje turintis ilgos grandinės polinesočiųjų rūgščių (LCPs) ir nukleotidų. Maisto mišinys skirtas kūdikiams nuo gimimo. Sudėtyje nėra karvės pieno baltymų, todėl tinka mitybos reguliavimui esant alergijai karvės pienui, sudėtiniam baltymų netoleravimui",4000,"g","","",""]
[null,null,null,null,"Suma be PVM",""]
[null,null,null,null,"PVM suma",""]
[null,null,null,null,"Suma su PVM",""]
[]
["142.","Norepinefrinas 1mg/ml "]
["142.1.","Norepinefrinas 1mg/ml ",100,"amp.",0.91669999999999996,91.67,"arterenol 1mg/ml inj 1ml n6"]
[null,null,null,null,"Suma be PVM",91.67]
[null,null,null,null,"PVM suma",4.5799999999999983]
[null,null,null,null,"Suma su PVM",96.25]
[]
["143.","Nosies lašai su D-pantenoliu ir vitaminu A"]
["143.1.","Nosies lašai su D-pantenoliu ir vitaminu A",90,"ml","","",""]
[null,null,null,null,"Suma be PVM",""]
[null,null,null,null,"PVM suma",""]
[null,null,null,null,"Suma su PVM",""]
[]
["144.","Oksacilinas 1000mg milteliai injekciniam tirpalui"]
["144.1.","Oksacilinas 1000mg milteliai injekciniam tirpalui",2200,"amp.","","",""]
[null,null,null,null,"Suma be PVM",""]
[null,null,null,null,"PVM suma",""]
[null,null,null,null,"Suma su PVM",""]
[]
["145.","Oleum Helianthi"]
["145.1.","Oleum Helianthi",100,"kg","","",""]
[null,null,null,null,"Suma be PVM",""]
[null,null,null,null,"PVM suma",""]
[null,null,null,null,"Suma su PVM",""]
[]
["146.","Oleum vaselini"]
["146.1.","Oleum vaselini",10,"kg","","",""]
[null,null,null,null,"Suma be PVM",""]
[null,null,null,null,"PVM suma",""]
[null,null,null,null,"Suma su PVM",""]
[]
["147.","Oleum Vaselini 50 - 60 ml sterilus"]
["147.1.","Oleum Vaselini 50 - 60 ml sterilus",50,"flak.","","",""]
[null,null,null,null,"Suma be PVM",""]
[null,null,null,null,"PVM suma",""]
[null,null,null,null,"Suma su PVM",""]
[]
["148.","Paracetamolio 500mg žvakutės"]
["148.1.","Paracetamolio 500mg žvakutės",200,"žvak.","","",""]
[null,null,null,null,"Suma be PVM",""]
[null,null,null,null,"PVM suma",""]
[null,null,null,null,"Suma su PVM",""]
[]
["149.","Perhydrolum 35-38% med."]
["149.1.","Perhydrolum 35-38% med.",2,"kg","","",""]
[null,null,null,null,"Suma be PVM",""]
[null,null,null,null,"PVM suma",""]
[null,null,null,null,"Suma su PVM",""]
[]
["150.","Permetrino 40mg/g tepalas "]
["150.1.","Permetrino 40mg/g tepalas ",5200,"g",0.13450000000000001,699.40000000000009,"permethrin 4% ung. 40g n1"]
[null,null,null,null,"Suma be PVM",699.4]
[null,null,null,null,"PVM suma",34.970000000000027]
[null,null,null,null,"Suma su PVM",734.37]
[]
["151.","Piridoksino hidrochloridas 50mg "]
["151.1.","Piridoksino hidrochloridas 50mg ",200,"tab.","","",""]
[null,null,null,null,"Suma be PVM",""]
[null,null,null,null,"PVM suma",""]
[null,null,null,null,"Suma su PVM",""]
[]
["152.","Piridostigminas 60mg "]
["152.1.","Piridostigminas 60mg ",100,"tab.",0.159,15.9,"mestinon tab. 60mg n150"]
[null,null,null,null,"Suma be PVM",15.9]
[null,null,null,null,"PVM suma",0.79999999999999893]
[null,null,null,null,"Suma su PVM",16.7]
[]
["153.","Pirimetaminas 25mg "]
["153.1.","Pirimetaminas 25mg ",100,"tab.","","",""]
[null,null,null,null,"Suma be PVM",""]
[null,null,null,null,"PVM suma",""]
[null,null,null,null,"Suma su PVM",""]
[]
["154.","Pix liquida"]
["154.1.","Pix liquida",1,"kg","","",""]
[null,null,null,null,"Suma be PVM",""]
[null,null,null,null,"PVM suma",""]
[null,null,null,null,"Suma su PVM",""]
[]
["155.","Polydocanolum 3% 2ml"]
["155.1.","Polydocanolum 3% 2ml",70,"amp.","","",""]
[null,null,null,null,"Suma be PVM",""]
[null,null,null,null,"PVM suma",""]
[null,null,null,null,"Suma su PVM",""]
[]
["156.","Procaine Hydrochloridum pulv. 1kg (GMP)"]
["156.1.","Procaine Hydrochloridum pulv. 1kg (GMP)",300,"g","","",""]
[null,null,null,null,"Suma be PVM",""]
[null,null,null,null,"PVM suma",""]
[null,null,null,null,"Suma su PVM",""]
[]
["157.","Protamino sulfatas 7000 antiheparino TV"]
["157.1.","Protamino sulfatas 7000 antiheparino TV",50,"amp.",6.2,310,"protamine sul.inj.tirp.5ml n50"]
[null,null,null,null,"Suma be PVM",310]
[null,null,null,null,"PVM suma",15.5]
[null,null,null,null,"Suma su PVM",325.5]
[]
["158.","Protargolum"]
["158.1.","Protargolum",100,"g","","",""]
[null,null,null,null,"Suma be PVM",""]
[null,null,null,null,"PVM suma",""]
[null,null,null,null,"Suma su PVM",""]
[]
["159.","Racecadotrilis 100mg "]
["159.1.","Racecadotrilis 100mg ",200,"kaps.","","",""]
[null,null,null,null,"Suma be PVM",""]
[null,null,null,null,"PVM suma",""]
[null,null,null,null,"Suma su PVM",""]
[]
["160.","Resorcinum"]
["160.1.","Resorcinum",1,"kg","","",""]
[null,null,null,null,"Suma be PVM",""]
[null,null,null,null,"PVM suma",""]
[null,null,null,null,"Suma su PVM",""]
[]
["161.","Rifampicino 600mg milteliai injekciniam tirpalui "]
["161.1.","Rifampicino 600mg milteliai injekciniam tirpalui ",150,"amp.","","",""]
[null,null,null,null,"Suma be PVM",""]
[null,null,null,null,"PVM suma",""]
[null,null,null,null,"Suma su PVM",""]
[]
["162.","Ringerio acetato malatas 500ml "]
["162.1.","Ringerio acetato malatas 500ml (1000ml šio vaistinio preparato yra: Natrio chlorido 6,8 g; Kalio chlorido 0,3g; Magnio chlorido heksahidrato 0,2g; Kalcio chlorido dihidrato 0,37g; Natrio acetato trihidrato 3,27g; obuolių rūgšties 0,67g)",100,"flak.","","",""]
[null,null,null,null,"Suma be PVM",""]
[null,null,null,null,"PVM suma",""]
[null,null,null,null,"Suma su PVM",""]
[]
["163.","Rivaraksbanas 15 mg"]
["163.1.","Rivaraksbanas 15 mg",200,"tab.","","",""]
[null,null,null,null,"Suma be PVM",""]
[null,null,null,null,"PVM suma",""]
[null,null,null,null,"Suma su PVM",""]
[]
["164.","Rivaraksbanas 20mg"]
["164.1.","Rivaraksbanas 20mg",1600,"tab.","","",""]
[null,null,null,null,"Suma be PVM",""]
[null,null,null,null,"PVM suma",""]
[null,null,null,null,"Suma su PVM",""]
[]
["165.","Ropivakainas 5mg/ml "]
["165.1.","Ropivakainas 5mg/ml ",500,"amp.","","",""]
[null,null,null,null,"Suma be PVM",""]
[null,null,null,null,"PVM suma",""]
[null,null,null,null,"Suma su PVM",""]
[]
["166.","Serumas nuo europinių gyvačių įkandimo 500UI užpild. švirkštas"]
["166.1.","Serumas nuo europinių gyvačių įkandimo 500UI užpild. švirkštas",6,"švirkšt.","","",""]
[null,null,null,null,"Suma be PVM",""]
[null,null,null,null,"PVM suma",""]
[null,null,null,null,"Suma su PVM",""]
[]
["167.","Simetikonas 40mg/ml geriamoji emulsija"]
["167.1.","Simetikonas 40mg/ml geriamoji emulsija",4800,"ml",4.5600000000000002E-2,218.88,"infacol 40mg/ml ger susp 50ml"]
[null,null,null,null,"Suma be PVM",218.88]
[null,null,null,null,"PVM suma",45.95999999999998]
[null,null,null,null,"Suma su PVM",264.83999999999997]
[]
["168.","Sorbitolis 27g + Manitolis 5,4g 1l, flakonai po 3000ml"]
["168.1.","Sorbitolis 27g + Manitolis 5,4g 1l, flakonai po 3000ml",30,"flak.","","",""]
[null,null,null,null,"Suma be PVM",""]
[null,null,null,null,"PVM suma",""]
[null,null,null,null,"Suma su PVM",""]
[]
["169.","Sulfadiazinas 500mg "]
["169.1.","Sulfadiazinas 500mg ",200,"tab.","","",""]
[null,null,null,null,"Suma be PVM",""]
[null,null,null,null,"PVM suma",""]
[null,null,null,null,"Suma su PVM",""]
[]
["170.","Sulfametoksazolas + Trimetoprimas 400mg/80mg "]
["170.1.","Sulfametoksazolas + Trimetoprimas 400mg/80mg ",400,"amp.","","",""]
[null,null,null,null,"Suma be PVM",""]
[null,null,null,null,"PVM suma",""]
[null,null,null,null,"Suma su PVM",""]
[]
["171.","Sulfasalazinas 500mg "]
["171.1.","Sulfasalazinas 500mg ",100,"tab.","","",""]
[null,null,null,null,"Suma be PVM",""]
[null,null,null,null,"PVM suma",""]
[null,null,null,null,"Suma su PVM",""]
[]
["172.","Sulfur praecipitarum"]
["172.1.","Sulfur praecipitarum",2,"kg","","",""]
[null,null,null,null,"Suma be PVM",""]
[null,null,null,null,"PVM suma",""]
[null,null,null,null,"Suma su PVM",""]
[]
["173.","Talcum"]
["173.1.","Talcum",1,"kg","","",""]
[null,null,null,null,"Suma be PVM",""]
[null,null,null,null,"PVM suma",""]
[null,null,null,null,"Suma su PVM",""]
[]
["174.","Tetagam P 250 VV/ml"]
["174.1.","Tetagam P 250 VV/ml",24,"flak.","","",""]
[null,null,null,null,"Suma be PVM",""]
[null,null,null,null,"PVM suma",""]
[null,null,null,null,"Suma su PVM",""]
[]
["175.","Tetrazepamas 50mg "]
["175.1.","Tetrazepamas 50mg ",50,"tab.","","",""]
[null,null,null,null,"Suma be PVM",""]
[null,null,null,null,"PVM suma",""]
[null,null,null,null,"Suma su PVM",""]
[]
["176.","Tigeciklinas 50mg "]
["176.1.","Tigeciklinas 50mg ",50,"amp.","","",""]
[null,null,null,null,"Suma be PVM",""]
[null,null,null,null,"PVM suma",""]
[null,null,null,null,"Suma su PVM",""]
[]
["177.","Timololum et Brinzolamidum 5mg/10mg akių lašai"]
["177.1.","Timololum et Brinzolamidum 5mg/10mg akių lašai",10,"ml",2.15,21.5,"azarga 10mg+5mg/ml 5ml n1"]
[null,null,null,null,"Suma be PVM",21.5]
[null,null,null,null,"PVM suma",1.0799999999999983]
[null,null,null,null,"Suma su PVM",22.58]
[]
["178.","Tiopentalio natrio druska 1000mg"]
["178.1.","Tiopentalio natrio druska 1000mg",300,"amp.","","",""]
[null,null,null,null,"Suma be PVM",""]
[null,null,null,null,"PVM suma",""]
[null,null,null,null,"Suma su PVM",""]
[]
["179.","Tirpalas (infuzijoms) "]
["179.1.","Tirpalas (infuzijoms) 1000ml: 40g Želatinos + 5,55g Natrio chlorido + 3,27g natrio acetato trihidrato + 0,3g Kalio chlorido + 0,15g Kalcio chlorido dihidrato + 0,2g magnio chlorido heksahidrato. 500 ml flakonai",130,"flak.","","",""]
[null,null,null,null,"Suma be PVM",""]
[null,null,null,null,"PVM suma",""]
[null,null,null,null,"Suma su PVM",""]
[]
["180.","Tirpalas odos dūrimo testui - Fenolinis glicerolis"]
["180.1.","Tirpalas odos dūrimo testui - Fenolinis glicerolis flakonai/buteliukai po 2,5ml ± 0,5ml",3,"ml","","",""]
[null,null,null,null,"Suma be PVM",""]
[null,null,null,null,"PVM suma",""]
[null,null,null,null,"Suma su PVM",""]
[]
["181.","Tirpalas odos dūrimo testui - Histamino HCl"]
["181.1.","Tirpalas odos dūrimo testui - Histamino HCl flakonai/buteliukai po 2,5ml ± 0,5ml",3,"ml","","",""]
[null,null,null,null,"Suma be PVM",""]
[null,null,null,null,"PVM suma",""]
[null,null,null,null,"Suma su PVM",""]
[]
["182.","Tirpalas odos dūrimo testui - namų erkė"]
["182.1.","Tirpalas odos dūrimo testui - namų erkė (Derm. Farinae) flakonai/buteliukai po 2,5ml ± 0,5ml",3,"ml","","",""]
[null,null,null,null,"Suma be PVM",""]
[null,null,null,null,"PVM suma",""]
[null,null,null,null,"Suma su PVM",""]
[]
["183.","Tirpalas odos dūrimo testui -  namų erkė (derm. Pteronyssinus) "]
["183.1.","Tirpalas odos dūrimo testui -  namų erkė (derm. Pteronyssinus) flakonai/buteliukai po 2,5ml ± 0,5ml",3,"ml","","",""]
[null,null,null,null,"Suma be PVM",""]
[null,null,null,null,"PVM suma",""]
[null,null,null,null,"Suma su PVM",""]
[]
["184.","Tirpalas odos dūrimo testui - Alternaria"]
["184.1.","Tirpalas odos dūrimo testui - Alternaria flakonai/buteliukai po 2,5ml ± 0,5ml",3,"ml","","",""]
[null,null,null,null,"Suma be PVM",""]
[null,null,null,null,"PVM suma",""]
[null,null,null,null,"Suma su PVM",""]
[]
["185.","Tirpalas odos dūrimo testui - Aspergillus mix (pelėsis)"]
["185.1.","Tirpalas odos dūrimo testui - Aspergillus mix (pelėsis) flakonai/buteliukai po 2,5ml ± 0,5ml",6,"ml","","",""]
[null,null,null,null,"Suma be PVM",""]
[null,null,null,null,"PVM suma",""]
[null,null,null,null,"Suma su PVM",""]
[]
["186.","Tirpalas odos dūrimo testui - Plunksnos (feather mix)"]
["186.1.","Tirpalas odos dūrimo testui - Plunksnos (feather mix) flakonai/buteliukai po 2,5ml ± 0,5ml",3,"ml","","",""]
[null,null,null,null,"Suma be PVM",""]
[null,null,null,null,"PVM suma",""]
[null,null,null,null,"Suma su PVM",""]
[]
["187.","Tirpalas odos dūrimo testui - Katės plaukai"]
["187.1.","Tirpalas odos dūrimo testui - Katės plaukai  flakonai/buteliukai po 2,5ml ± 0,5ml",3,"ml","","",""]
[null,null,null,null,"Suma be PVM",""]
[null,null,null,null,"PVM suma",""]
[null,null,null,null,"Suma su PVM",""]
[]
["188.","Tirpalas odos dūrimo testui - Šuns plaukai"]
["188.1.","Tirpalas odos dūrimo testui - Šuns plaukai  flakonai/buteliukai po 2,5ml ± 0,5ml",3,"ml","","",""]
[null,null,null,null,"Suma be PVM",""]
[null,null,null,null,"PVM suma",""]
[null,null,null,null,"Suma su PVM",""]
[]
["189.","Tirpalas odos dūrimo testui - Pušis"]
["189.1.","Tirpalas odos dūrimo testui - Pušis  flakonai/buteliukai po 2,5ml ± 0,5ml",3,"ml","","",""]
[null,null,null,null,"Suma be PVM",""]
[null,null,null,null,"PVM suma",""]
[null,null,null,null,"Suma su PVM",""]
[]
["190.","Tirpalas odos dūrimo testui - 5 - 6-ių žolių mišinys"]
["190.1.","Tirpalas odos dūrimo testui - 5 - 6-ių žolių mišinys flakonai/buteliukai po 2,5ml ± 0,5ml",3,"ml","","",""]
[null,null,null,null,"Suma be PVM",""]
[null,null,null,null,"PVM suma",""]
[null,null,null,null,"Suma su PVM",""]
[]
["191.","Tirpalas odos dūrimo testui - 12-os žolių mišinys"]
["191.1.","Tirpalas odos dūrimo testui - 12-os žolių mišinys flakonai/buteliukai po 2,5ml ± 0,5ml",6,"ml","","",""]
[null,null,null,null,"Suma be PVM",""]
[null,null,null,null,"PVM suma",""]
[null,null,null,null,"Suma su PVM",""]
[]
["192.","Tirpalas odos dūrimo testui - Fagaceae mix"]
["192.1.","Tirpalas odos dūrimo testui - Fagaceae mix flakonai/buteliukai po 2,5ml ± 0,5ml",3,"ml","","",""]
[null,null,null,null,"Suma be PVM",""]
[null,null,null,null,"PVM suma",""]
[null,null,null,null,"Suma su PVM",""]
[]
["193.","Tirpalas odos dūrimo testui - Betulaceae mix (medžių mišinys)"]
["193.1.","Tirpalas odos dūrimo testui - Betulaceae mix (medžių mišinys) flakonai/buteliukai po 2,5ml ± 0,5ml",3,"ml","","",""]
[null,null,null,null,"Suma be PVM",""]
[null,null,null,null,"PVM suma",""]
[null,null,null,null,"Suma su PVM",""]
[]
["194.","Tirpalas odos dūrimo testui - Chenopodiaceae "]
["194.1.","Tirpalas odos dūrimo testui - Chenopodiaceae flakonai/buteliukai po 2,5ml ± 0,5ml",3,"ml","","",""]
[null,null,null,null,"Suma be PVM",""]
[null,null,null,null,"PVM suma",""]
[null,null,null,null,"Suma su PVM",""]
[]
["195.","Tirpalas odos dūrimo testui - Medžių mišinys (album goosefoot) "]
["195.1.","Tirpalas odos dūrimo testui - Medžių mišinys (album goosefoot)  flakonai/buteliukai po 2,5ml ± 0,5ml",6,"ml","","",""]
[null,null,null,null,"Suma be PVM",""]
[null,null,null,null,"PVM suma",""]
[null,null,null,null,"Suma su PVM",""]
[]
["196.","Tirpalas odos dūrimo testui - Compositae (chrizantemos)"]
["196.1.","Tirpalas odos dūrimo testui - Compositae (chrizantemos)  flakonai/buteliukai po 2,5ml ± 0,5ml",3,"ml","","",""]
[null,null,null,null,"Suma be PVM",""]
[null,null,null,null,"PVM suma",""]
[null,null,null,null,"Suma su PVM",""]
[]
["197.","Tirpalas odos dūrimo testui - Česnakas (garlic)"]
["197.1.","Tirpalas odos dūrimo testui - Česnakas (garlic) flakonai/buteliukai po 2,5ml ± 0,5ml",3,"ml","","",""]
[null,null,null,null,"Suma be PVM",""]
[null,null,null,null,"PVM suma",""]
[null,null,null,null,"Suma su PVM",""]
[]
["198.","Tirpalas odos dūrimo testui - Svogūnas (onion)"]
["198.1.","Tirpalas odos dūrimo testui - Svogūnas (onion) flakonai/buteliukai po 2,5ml ± 0,5ml",3,"ml","","",""]
[null,null,null,null,"Suma be PVM",""]
[null,null,null,null,"PVM suma",""]
[null,null,null,null,"Suma su PVM",""]
[]
["199.","Tirpalas odos dūrimo testui - Krabai (crabs)"]
["199.1.","Tirpalas odos dūrimo testui - Krabai (crabs) flakonai/buteliukai po 2,5ml ± 0,5ml",3,"ml","","",""]
[null,null,null,null,"Suma be PVM",""]
[null,null,null,null,"PVM suma",""]
[null,null,null,null,"Suma su PVM",""]
[]
["200.","Tirpalas odos dūrimo testui - Krevetės (shrimps)"]
["200.1.","Tirpalas odos dūrimo testui - Krevetės (shrimps) flakonai/buteliukai po 2,5ml ± 0,5ml",3,"ml","","",""]
[null,null,null,null,"Suma be PVM",""]
[null,null,null,null,"PVM suma",""]
[null,null,null,null,"Suma su PVM",""]
[]
["201.","Tirpalas odos dūrimo testui - Gėlų vandenų žuvys mišinys (masceree, carp..)"]
["201.1.","Tirpalas odos dūrimo testui - Gėlų vandenų žuvys mišinys (masceree, carp..) flakonai/buteliukai po 2,5ml ± 0,5ml",3,"ml","","",""]
[null,null,null,null,"Suma be PVM",""]
[null,null,null,null,"PVM suma",""]
[null,null,null,null,"Suma su PVM",""]
[]
["202.","Tirpalas odos dūrimo testui - Motiejukas (Timothy grass)"]
["202.1.","Tirpalas odos dūrimo testui -  - Motiejukas (Timothy grass) flakonai/buteliukai po 2,5ml ± 0,5ml",3,"ml","","",""]
[null,null,null,null,"Suma be PVM",""]
[null,null,null,null,"PVM suma",""]
[null,null,null,null,"Suma su PVM",""]
[]
["203.","Tirpalas odos dūrimo testui - Jautiena (Cow meat)"]
["203.1.","Tirpalas odos dūrimo testui - Jautiena (Cow meat) flakonai/buteliukai po 2,5ml ± 0,5ml",3,"ml","","",""]
[null,null,null,null,"Suma be PVM",""]
[null,null,null,null,"PVM suma",""]
[null,null,null,null,"Suma su PVM",""]
[]
["204.","Tirpalas odos dūrimo testui - Sezamas (Sezame)"]
["204.1.","Tirpalas odos dūrimo testui - Sezamas (Sezame) flakonai/buteliukai po 2,5ml ± 0,5ml",3,"ml","","",""]
[null,null,null,null,"Suma be PVM",""]
[null,null,null,null,"PVM suma",""]
[null,null,null,null,"Suma su PVM",""]
[]
["205.","Tirpalas odos dūrimo testui - Karis (curry)"]
["205.1.","Tirpalas odos dūrimo testui - Karis (curry) flakonai/buteliukai po 2,5ml ± 0,5ml",3,"ml","","",""]
[null,null,null,null,"Suma be PVM",""]
[null,null,null,null,"PVM suma",""]
[null,null,null,null,"Suma su PVM",""]
[]
["206.","Tolterodinas 2mg "]
["206.1.","Tolterodinas 2mg ",168,"tab.",0.26540000000000002,44.587200000000003,"tolterodine actav 2mg n28"]
[null,null,null,null,"Suma be PVM",44.59]
[null,null,null,null,"PVM suma",2.2299999999999969]
[null,null,null,null,"Suma su PVM",46.82]
[]
["207.","Traneksamo rūgštis 500mg "]
["207.1.","Traneksamo rūgštis 500mg ",1400,"amp.","","",""]
[null,null,null,null,"Suma be PVM",""]
[null,null,null,null,"PVM suma",""]
[null,null,null,null,"Suma su PVM",""]
[]
["208.","Tuberculin 5TU/0,1ml amp. 1ml"]
["208.1.","Tuberculin 5TU/0,1ml amp. 1ml",300,"amp.","","",""]
[null,null,null,null,"Suma be PVM",""]
[null,null,null,null,"PVM suma",""]
[null,null,null,null,"Suma su PVM",""]
[]
["209.","Umeklidino 55mcg + Vilanterolio 22mcg įkvepiamieji milteliai "]
["209.1.","Umeklidino 55mcg + Vilanterolio 22mcg įkvepiamieji milteliai ",90,"doz.","","",""]
[null,null,null,null,"Suma be PVM",""]
[null,null,null,null,"PVM suma",""]
[null,null,null,null,"Suma su PVM",""]
[]
["210.","Urea "]
["210.1.","Urea ",2,"kg","","",""]
[null,null,null,null,"Suma be PVM",""]
[null,null,null,null,"PVM suma",""]
[null,null,null,null,"Suma su PVM",""]
[]
["211.","Valerijonų šaknų + Sukatžolės žolės + Gudobelės vaisių spiritinė ištrauka 0,34ml/0,33ml/0,33ml/ml "]
["211.1.","Valerijonų šaknų + Sukatžolės žolės + Gudobelės vaisių spiritinė ištrauka 0,34ml/0,33ml/0,33ml/ml ",6000,"ml",2.35E-2,141,"širdies lašai 40ml val"]
[null,null,null,null,"Suma be PVM",141]
[null,null,null,null,"PVM suma",7.0500000000000114]
[null,null,null,null,"Suma su PVM",148.05000000000001]
[]
["212.","Vaselinum flavum"]
["212.1.","Vaselinum flavum",200,"kg","","",""]
[null,null,null,null,"Suma be PVM",""]
[null,null,null,null,"PVM suma",""]
[null,null,null,null,"Suma su PVM",""]
[]
["213.","Verapamilio hidrochloridas 5mg/2ml injekcijoms"]
["213.1.","Verapamilio hidrochloridas 5mg/2ml  injekcijoms",140,"amp.","","",""]
[null,null,null,null,"Suma be PVM",""]
[null,null,null,null,"PVM suma",""]
[null,null,null,null,"Suma su PVM",""]
[]
["214.","Vitaminas D3 aliejinis tirpalas "]
["214.1.","Vitaminas D3 aliejinis tirpalas ",300,"ml","","",""]
[null,null,null,null,"Suma be PVM",""]
[null,null,null,null,"PVM suma",""]
[null,null,null,null,"Suma su PVM",""]
[]
["215.","Zinci oxydum"]
["215.1.","Zinci oxydum",2,"kg","","",""]
[null,null,null,null,"Suma be PVM",""]
[null,null,null,null,"PVM suma",""]
[null,null,null,null,"Suma su PVM",""]
[]
["216.","Želatinos polisukcinatas 40mg/ml 500ml"]
["216.1.","Želatinos polisukcinatas 40mg/ml 500ml",30,"flak.","","",""]
[null,null,null,null,"Suma be PVM",""]
[null,null,null,null,"PVM suma",""]
[null,null,null,null,"Suma su PVM",""]
[]
["217.","Deksketoprofenas 50mg"]
["217.1.","Deksketoprofenas 50mg/2ml",7000,"amp.","","",""]
[null,null,null,null,"Suma be PVM",""]
[null,null,null,null,"PVM suma",""]
[null,null,null,null,"Suma su PVM",""]

{"sheet":"Subtiekėjai","index":1,"n_rows":100,"n_cols":9,"rows_kept":100,"cut":false,"hidden":false,"merged":[[38,0,38,9],[21,1,21,6],[21,7,21,9],[24,0,24,3],[24,4,24,9],[25,0,25,9],[26,0,26,9],[28,0,28,9],[32,0,32,3],[32,4,32,9],[35,0,35,3],[35,4,35,9],[18,1,18,6],[18,7,18,9],[19,1,19,6],[19,7,19,9],[20,1,20,6],[20,7,20,9],[17,1,17,6],[17,7,17,9],[7,0,7,1],[7,2,7,4],[7,5,7,7],[7,8,7,9],[8,0,8,1],[8,2,8,4],[8,5,8,7],[8,8,8,9],[10,0,10,9],[12,0,12,9],[14,0,14,9],[16,1,16,6],[16,7,16,9],[5,0,5,1],[5,2,5,4],[5,5,5,7],[5,8,5,9],[6,0,6,1],[6,2,6,4],[6,5,6,7],[6,8,6,9],[4,0,4,1],[4,2,4,4],[4,5,4,7],[4,8,4,9],[1,0,1,9],[3,0,3,1],[3,2,3,4],[3,5,3,7],[3,8,3,9]]}
[]
["Sutarties vykdymui numatome pasitelkti šiuos subtiekėjus / subteikėjus / subrangovus (įrašyti visus subtiekėjus / subteikėjus / subrangovus nepriklausomai nuo tiekiamų prekių/ teikiamų paslaugų/ atliekamų darbų vertės):"]
[]
["Subtiekėjo / subteikėjo / subrangovo (-ų) pavadinimas (-ai)",null,"Adresas",null,null,"Trumpas aprašymas",null,null,"Procentas nuo pasiūlymo kainos be PVM"]
[]
[]
[]
[]
[]
[]
["Jeigu pirkimo dokumentų 18 punkte numatytas subtiekimo / subteikimo / subrangos apribojimas:\nMes patvirtiname, kad subtiekėjams / subteikėjams / subrangovams (tiekėjams, kuriuos pasamdysime dalies sutartyje numatytų prekių tiekimui /paslaugų teikimui / darbų atlikimui) perduodamų tiekti prekių / teikti paslaugų/ atlikti darbų dalis neviršys       proc. pasiūlymo kainos be PVM."]
[]
["Mes patvirtiname, kad esame / nesame (nereikalingą išbraukti) laikomi asocijuotais (susijusiais) su Perkančiąja organizacija pagal Lietuvos Respublikoje galiojančių teisės aktų (Lietuvos Respublikos pelno mokesčio, Lietuvos Respublikos pridėtinės vertės mokesčio ir Lietuvos Respublikos gyventojų pajamų mokesčio įstatymų) nuostatas. "]
[]
["Kartu su pasiūlymu pateikiami šie dokumentai:"]
[]
["Eil.Nr.","\"Pateiktų skaitmeninių dokumentų (ar jų kopijų) pavadinimas\n(pasiūlymą sudarančių konfidencialių dokumentų pavadinimai pažymėti prierašu KONFIDENCIALU)\"",null,null,null,null,null,"Prisegtos bylos (failo) pavadinimas "]
[]
[]
[]
[]
[]
[]
[]
["Pasiūlymo galiojimo užtikrinimui pateikiame :"]
[]
["(Nurodyti užtikrinimo būdą, dydį, dokumentus)"]
[]
["\nPasiūlymas galioja iki termino, nustatyto pirkimo dokumentuose.\n\nPasiūlymo neatskiriama dalis yra (rašoma, jeigu buvo reikalauta prie pasiūlymo pridėti atitinkamą dokumentą)"]
[]
[]
[]
["Tiekėjo arba jo įgalioto asmens pareigų pavadinimas"]
[]
[]
["Pasirašančio asmens vardas ir pavardė"]
[]
[]
["**kadangi visas pasiūlymas pasirašomas saugiu elektroniniu parašu, šio dokumento atskirai pasirašyti neprivaloma."]
[]
[]
[]
[]
[]
[]
[]
[]
[]
[]
[]
[]
[]
[]
[]
[]
[]
[]
[]
[]
[]
[]
[]
[]
[]
[]
[]
[]
[]
[]
[]
[]
[]
[]
[]
[]
[]
[]
[]
[]
[]
[]
[]
[]
[]
[]
[]
[]
[]
[]
[]
[]
[]
[]
[]
[]
[]
[]
[]
[]
["1615 2018-11-30 14:05:39"]